000 00813nam a2200289 a 4500
001 000114283
003 CHAP
005 20220329144434.0
008 171205s1980 mx |r| |||0|||spa d
010 _a110744
011 _a111716
020 _a9684191138
040 _cCHAP
082 0 4 _a613.85
_bW57
100 1 _aWhitby, William T.
_9134226
245 1 0 _aFumar es bueno para usted /
_cpor William T. Whitby; traductor Georgina Pichardo.
260 _aMéxico :
_bGrijalbo,
_cc1980.
300 _a137 p.
534 _pTít. original :
_tSmoking is good for you
590 _aE6096MTM
_b05
_c20171205
_lUCH01
_h1442
650 1 4 _aMitos.
_976250
650 1 4 _aTabaco
_xAspectos sociales.
_9111202
650 1 4 _aTabaco
_xEfectos fisiológicos.
_9111211
901 _aBK
942 _cLIBRO
942 _n0
999 _c110744
_d110744